| 000 | 01675 am a2200397 a 4500 | ||
|---|---|---|---|
| 005 | 20240220110739.0 | ||
| 008 | 100708s2003||||ag d f |||| 00| 0 spa d | ||
| 020 | _a9500608820 | ||
| 041 | _aspa | ||
| 092 |
_c616.89 _l30 _sGRA |
||
| 100 | 1 |
_aGratch, Luís Oscar. _91050 |
|
| 245 | 3 |
_aEl trastorno por déficit de atención (ADD-ADHD). _bClínica, diagnóstico y tratamiento en la infancia, la adolescencia y la adultez / _cLuís Oscar Gratch. |
|
| 250 | _a1a ed. 2a reimp. | ||
| 260 |
_aBuenos Aires: _bEditorial Médica Panamericana; _c2003. |
||
| 300 | _a244 p. | ||
| 500 | _aGratch, L. O. (2003). El trastorno por déficit de atención (ADD-ADHD). Clínica, diagnóstico y tratamiento en la infancia, la adolescencia y la adultez. (1a ed.). Buenos Aires : Editorial Médica Panamericana. | ||
| 653 | _aInteligencia y atención | ||
| 653 | _aDesorden por déficit de atención | ||
| 653 | _aEtiología y manifestaciones clínicas | ||
| 653 | _aObservación y diagnóstico | ||
| 653 | _aMétodos complementarios de diagnóstico | ||
| 653 | _aDiagnósticos diferenciales y comorbilidades | ||
| 653 | _aADD-ADHD, áreas de trastornos | ||
| 653 | _aADD-ADHD y el funcionamiento social y familiar | ||
| 653 | _aADD-ADHD y el recorrido evolutivo desde el nacimiento hasta la adolescencia | ||
| 653 | _aADD-ADHD en adultos o tipo residual | ||
| 653 | _aTratamiento psicofarmacológico | ||
| 653 | _aTratamiento interdisciplinario | ||
| 653 | _aGuía para padres | ||
| 653 | _aSugerencias para maestros | ||
| 653 | _aControversias y conclusiones | ||
| 653 | _aDatos estadísticos | ||
| 653 | _aCuestionarios | ||
| 930 | _a1224 | ||
| 942 |
_2ddc _cBK |
||
| 999 |
_c511 _d511 |
||